000 00313cam a22000977a 4500
008 180718b1963 xxu||||| |||| 00| 0 eng d
082 _aR7806x73 Un3/1961-62
245 _aFederal mediation and conciliation service: fifteenth annual report
260 _aWashington
_bGovernemnt Printing Office
_c1963
300 _a60+p.
999 _c496541
_d496541